| Registos Bibliográficos associados ao registo de autoridade |
|
Etiqueta de registo: 00646cam 02200217 04500 001 4154 003 http://id.bnportugal.gov.pt/bib/catbnp/4154 005 19981110193400.0 095 ## $aPTBN00004266 100 ## $a19800201d1980 am y0pora0103 ba 101 0# $apor 102 ## $aPT 200 1# $aAventuras dos palhaços amigos Pipocas... e reticências$foriginal de Agostinho Macedo$gdesenhos de Catherine Labey 210 #9 $aLisboa$cFungága,$d[D.L. 1980] 215 ## $a32 p.$cprincipalmente il.$d28 cm 225 2# $aFungága 675 ## $a087.5$vmed$zpor$3287999 700 #1 $91$aMacedo,$bAgostinho$3219386 702 #1 $aLabey,$bCatherine,$f1945-$4440$342948 801 #0 $aPT$bBN$gRPC 966 ## $lBN$mFGMON$sP. 5370 V. 998 ## $aFSE08 - 00229
Etiqueta de registo: 00501cam 022001931 04500 001 85490 003 http://id.bnportugal.gov.pt/bib/catbnp/85490 005 20020308124100.0 095 ## $aPTBN00088852 100 ## $a19631201d1963 m y0pora0103 ba 101 0# $apor 102 ## $aPT 200 1# $aMemória em azedo$fAgostinho Macedo 210 #9 $aLisboa$cA. Macedo,$d1963 215 ## $a32, [1] p., [1] f.$d22 cm 675 ## $a821.134.3-31"19"$vmed$zpor$3298396 700 #1 $91$aMacedo,$bAgostinho$3219386 801 #0 $aPT$bBN$gRPC 966 ## $lBN$mFGMON$sL. 16845 V. 997 ## $aBIBEOD 998 ## $aCR454 - 00416
Etiqueta de registo: 01676cam 02200445 04500 001 194203 003 http://id.bnportugal.gov.pt/bib/catbnp/194203 005 20010927145200.0 010 ## $a972-21-0403-9 021 ## $aPT$b24465/88 095 ## $aPTBN00201533 100 ## $a19981129d1989 km y0pory0103 ba 101 0# $apor 102 ## $aPT 105 ## $aa e 000yy 106 ## $ar 200 1# $aDicionário de Camilo Castelo Branco$fAlexande Cabral$grev. Anabela Macedo, Agostinho Macedo 210 #9 $aLisboa$cCaminho,$dimp. 1989 215 ## $a673 p. a 2 colns.$cil.$d26 cm 600 #1 $aCastelo Branco,$bCamilo,$f1825-1890$x[Dicionários]$31008368 675 ## $a821.134.3-31Castelo Branco, Camilo.09(038)$vBN$zpor$31008369 675 ## $a869.0-31 Castelo Branco, Camilo (03)$vBN$zpor$3391721 700 #1 $aCabral,$bAlexandre,$cpseud.$318550 702 #1 $aMacedo,$bAnabela$4675$3978029 702 #1 $91$aMacedo,$bAgostinho$4675$3219386 801 #0 $aPT$bBN$gRPC 966 ## $lBN$mFGMON$nExiste exemplar em livre acesso na Sala de Leitura Geral$pBulhosa Livreiros, Lda.$sL. 60254 V.$x2 966 ## $lBN$mFGMON$nExiste exemplar em livre acesso na Sala de Leitura Geral$pBulhosa Livreiros$sL. 67100 V.$x2 966 ## $lBN$mFGMON$nExiste exemplar em livre acesso na Sala de Leitura Geral$pBulhosa Livreiros$sL. 68338 V.$x2 966 ## $lBN$mFGMON$nUsual Área ACPC$pBulhosa Livreiros$sL. 68339 V.$x2 966 ## $lBN$mFGMON$nUsual Sala Leitura Reservados$pBulhosa Livreiros$sL. 68340 V.$x2 966 ## $lBN$mFGMON$nExiste exemplar em livre acesso na Sala de Leitura Geral$pBulhosa Livreiros$sL. 68536 V.$x2 966 ## $lBN$mFGMON$nExiste exemplar em livre acesso na Sala de Leitura Geral$sL. 95499 V.$x2 966 ## $c2$lBN$mFGMON$nExiste exemplar em livre acesso na Sala de Leitura Geral$sL. 41477 V.$x1 966 ## $c2$lBN$mFGMON$sL. 41477 V.-D$x1 997 ## $aBIBEOD
Etiqueta de registo: 00582cam 022002171 04500 001 117182 003 http://id.bnportugal.gov.pt/bib/catbnp/117182 005 20020206175500.0 095 ## $aPTBN00122583 100 ## $a19611201d1961 cdey0pora0103 ba 101 0# $apor 102 ## $aPT 200 1# $a O gato listado$fFernando Lima e Agostinho Macedo 210 #9 $aLisboa$c[s.n.,$dD.L. 1961] 215 ## $a56 p.$cil.$d30 cm 675 ## $a087.5$vmed$zpor$3287999 700 #1 $93$aLima,$bFernando$374343 701 #1 $91$aMacedo,$bAgostinho$4070$3219386 801 #0 $aPT$bBN$gRPC 966 ## $lBN$mFGMON$sP. 2941 V. 997 ## $aBIBEOD 998 ## $aCR346 - 00010
Etiqueta de registo: 00521cam 02200205 04500 001 216025 003 http://id.bnportugal.gov.pt/bib/catbnp/216025 100 ## $a19980101d1962 m y0pora0103 ba 101 0# $apor 102 ## $aPT 200 1# $aGrandes portugueses$gtexto de Agostinho Macedo... [et al.] $gdes. de Baptista Mendes... [et al.] 210 #9 $aLisboa$cCamarada,$d[D.L. 1962] 215 ## $a2 vols.$cil.$d30 cm 304 ## $aOutros autores: Álvaro Parreira, António João Bispo, Helena Sabóia, Manuel Rodrigues,
Pinto Coelho, Rui de Abreu, José Antunes, Manuel Ferreira, Hernani Lopes, José Garcês,
José Ruy e Victor Paiva 317 ## $aColeção Leandro de Moraes Sarmento$5PTBN: L.M.S. 652; L.M.S. 653 327 11 $aVol. 1: (20 p.). - Vol. 2: (22 p.) 606 ## $aPersonalidades portuguesas$xBiografias coletivas$jBanda desenhada$2SIPOR$31996529 606 ## $aPortugal$xHistória$xObras para a juventude$2SIPOR$31996523 675 ## $a929.5(469)(084.11)$vBN$zpor$31996527 700 #1 $91$aMacedo,$bAgostinho$3219386 701 #1 $aParreira,$bAlvaro$4070$359160 701 #1 $aBispo,$bAntónio João$4070$314467 701 #1 $91$aSabóia,$bHelena$4070$31996544 701 #1 $91$aAbreu,$bRui de$31996547 702 #1 $aMendes,$bBaptista$4440$345575 702 #1 $918$aRodrigues,$bManuel$4440$31996545 702 #1 $95$aCoelho,$bJosé Pinto$4440$31996546 702 #1 $aAntunes,$bJosé,$f1937-2010$4440$31557876 702 #1 $91$aFerreira,$bManuel$4440$335296 702 #1 $94$aLopes,$bHernâni$4440$31996548 702 #1 $aGarcês,$bJosé,$f1928-2020$4440$330188 702 #1 $aRui,$bJosé,$f1930-2022$4440$354131 702 #1 $aPaiva,$bVítor$4440$3147609 801 #0 $aPT$bBN$gRPC 966 ## $lBN$mFGMON$sC.G. 8985 V. 966 ## $dVol. 1$lBN$mFGMON$pBiblioteca particular Leandro de Moraes Sarmento$sL.M.S. 652 $x3 966 ## $dVol. 2$lBN$mFGMON$pBiblioteca particular Leandro de Moraes Sarmento$sL.M.S. 653 $x3
|
|
|